Ices Zooplankton methodology manual (Record no. 210690)

MARC details
000 -LEADER
fixed length control field 00656nam a2200205Ia 4500
008 - FIXED-LENGTH DATA ELEMENTS--GENERAL INFORMATION
fixed length control field 191130s2000##################000#0#eng##
020 ## - INTERNATIONAL STANDARD BOOK NUMBER
ISBN 9780123276452
082 ## - DEWEY DECIMAL CLASSIFICATION NUMBER
Classification number 592.1776 HAR
245 ## - TITLE STATEMENT
Title Ices Zooplankton methodology manual
Statement of responsibility, etc edited by] Roger Harris ... [et al.]
250 ## - EDITION STATEMENT
Edition statement 1st ed
260 ## - PUBLICATION, DISTRIBUTION, ETC. (IMPRINT)
Place of publication Amsterdam ; Boston
Name of publisher Elsevier / Academic Press
Year of publication 2000
300 ## - PHYSICAL DESCRIPTION
Number of Pages xxi,684p.,[4]p. of plates : ill.(some col.) ; 25cm
500 ## - GENERAL NOTE
General note Includes index
650 ## - SUBJECT ADDED ENTRY--TOPICAL TERM
Topical Term Marine zooplankton -- Ecology
700 ## - ADDED ENTRY--PERSONAL NAME
Personal name Harris, Roger (Roger P. )
991 ## -
-- 198844
Holdings
Withdrawn status Lost status Damaged status Not for loan Home library Current library Shelving location Date acquired Full call number Accession Number Price effective from Koha item type
        Anna Centenary Library Anna Centenary Library 5TH FLOOR, B WING 13.10.2020 592.1776 HAR 291983 13.10.2020 English Books

Find us on the map